Baloch Qoum (Record no. 325515)

000 -LEADER
fixed length control field 00342 a2200133 4500
001 - CONTROL NUMBER
control field 90442
082 ## - DEWEY DECIMAL CLASSIFICATION NUMBER
Classification number 909.04914122 MAR
090 ## - LOCALLY ASSIGNED LC-TYPE CALL NUMBER (OCLC); LOCAL CALL NUMBER (RLIN)
-- 42774
-- 42774
100 ## - MAIN ENTRY--PERSONAL NAME
Personal name Mary Shah Muhammad Dr
245 ## - TITLE STATEMENT
Title Baloch Qoum
Statement of responsibility, etc. Dr Shah Muhammad Mary
Medium Urdu
260 ## - PUBLICATION, DISTRIBUTION, ETC.
Place of publication, distribution, etc. Karachi
Name of publisher, distributor, etc. Book Time
Date of publication, distribution, etc. 2010
300 ## - PHYSICAL DESCRIPTION
Extent 448p.
500 ## - GENERAL NOTE
General note General Collection
942 ## - ADDED ENTRY ELEMENTS (KOHA)
Institution code [OBSOLETE] CAE NUST
Call number prefix 909.04914122 MAR
Holdings
Withdrawn status Lost status Damaged status Not for loan Collection code Permanent Location Current Location Date acquired Total Checkouts Full call number Barcode Date last seen Price effective from Koha item type
          College of Aeronautical Engineering (CAE) College of Aeronautical Engineering (CAE) 04/03/2017   909.04914122 MAR CAE86152 04/05/2017 04/05/2017 Book
© 2023 Central Library, National University of Sciences and Technology. All Rights Reserved.